000 00477nam a2200193Ia 4500
005 20250423095654.0
008 250422s9999 xx 000 0 und d
020 _a9789350144039
050 _aTC 160 .K43/
100 _aKhan, Mohd Umar
245 0 _aHydraulics and hydraulic machines
250 _a2nd ed.
260 _aNew delhi
260 _bS.K kataria & sons
260 _c2015
300 _a305 p
650 _a Hydraulics. Hydraulic machinery.
942 _cBK
999 _c30983
_d30983